Statystyki dla Jakiego kraju jest ta flaga? (lvl.trudny)

Kliknij tutaj aby rozwiązać quiz!

Ogólne statystyki

  • Ten quiz został rozwiązany 585 razy
  • Średni wynik to 12 z 16

Statystyki odpowiedzi

Odpowiedź% Poprawnych
Jamajka
93%
Polska
92%
Mongolia
84%
Haiti
82%
Madagaskar
82%
Papua Nowa-Gwinea
81%
Fidżi
80%
Kirgistan
80%
Timor Wschodni
71%
Gabon
69%
Mauretania
69%
Republika Zielonego Przylądka
68%
Namibia
66%
Trynidad i Tobago
65%
Dżibuti
63%
Rwanda
60%

Rozkład punktacji

Percentyl według liczby udzielonych odpowiedzi

Procent ludzi z każdym wynikiem

Twoja historia wyników

Nie rozwiązałeś tego quizu